[Event "Moscow Gaprindashvili Jubilee"]
[Site "Moscow"]
[Date "2011.10.06"]
[Round "4"]
[White "Erenska Barlo, Hanna"]
[Black "Gaprindashvili, Nona"]
[Result "1/2-1/2"]
[WhiteElo "2241"]
[BlackElo "2360"]
[PlyCount "68"]
[EventDate "2011.10.05"]
[EventType "tourn (rapid)"]
[EventRounds "9"]
[EventCountry "RUS"]
[EventCategory "1"]
[SourceTitle "CBM 144 Extra"]
[Source "ChessBase"]
[SourceDate "2011.10.28"]
[SourceVersion "1"]
[SourceVersionDate "2011.10.28"]
[SourceQuality "1"]

1. e4 b6 2. d4 Bb7 3. Bd3 e6 4. Nf3 d6 5. 0-0 Ne7 6. Qe2 g6 7. c3 Bg7 8. Rd1 0-0 9. Bg5 h6 10. Be3 Nd7 11. Nbd2 Nf6 12. h3 Kh7 13. c4 Qe8 14. e5 dxe5 15. Nxe5 Nf5 16. Ndf3 Nxe3 17. Qxe3 Rd8 18. h4 Kg8 19. b3 Qe7 20. Rac1 c5 21. dxc5 Qxc5 22. Qxc5 bxc5 23. Bc2 Rfe8 24. Re1 Rd6 25. Kf1 Red8 26. Rb1 Nd7 27. Nxd7 R8xd7 28. Be4 Bxe4 29. Rxe4 Bc3 30. g3 f5 31. Kg2 Kf7 32. g4 Rd1 33. Rxd1 Rxd1 34. Re2 g5 1/2-1/2

[Event "Moscow Gaprindashvili Jubilee"]
[Site "Moscow"]
[Date "2011.10.05"]
[Round "2"]
[White "Erenska Barlo, Hanna"]
[Black "Khmiadashvili, Tamari"]
[Result "0-1"]
[WhiteElo "2241"]
[BlackElo "2166"]
[PlyCount "97"]
[EventDate "2011.10.05"]
[EventType "tourn (rapid)"]
[EventRounds "9"]
[EventCountry "RUS"]
[EventCategory "1"]
[SourceTitle "CBM 144 Extra"]
[Source "ChessBase"]
[SourceDate "2011.10.28"]
[SourceVersion "1"]
[SourceVersionDate "2011.10.28"]
[SourceQuality "1"]

1. e4 c6 2. d4 g6 3. Nc3 Bg7 4. Nf3 d6 5. Be2 Nf6 6. 0-0 0-0 7. Re1 Qc7 8. h3 e5 9. Bg5 h6 10. Be3 Re8 11. dxe5 dxe5 12. a4 Be6 13. a5 Nbd7 14. Qc1 Kh7 15. b4 a6 16. Qb2 Nh5 17. Rad1 Nf4 18. Bf1 g5 19. Nh2 h5 20. f3 c5 21. b5 Qxa5 22. bxa6 bxa6 23. Ra1 Qb4 24. Na4 Reb8 25. Qc3 Qxc3 26. Nxc3 c4 27. Red1 Rb7 28. Rd6 a5 29. Na4 Rab8 30. Rdd1 Bf8 31. g3 Ng6 32. Bxg5 Nc5 33. Nc3 Ra8 34. Nd5 Bxd5 35. Rxd5 c3 36. Be3 Rc7 37. Bc1 a4 38. Ba3 Ne6 39. Bd3 Bc5+ 40. Kg2 Bd4 41. Kf1 h4 42. Kg2 hxg3 43. Kxg3 Ngf4 44. Rb5 Nxd3 45. cxd3 c2 46. Rf1 Be3 47. Bc1 Bxc1 48. Rxc1 Nd4 49. Kg2 0-1

[Event "Wroclaw Anderssen Memorial (Women) 20th"]
[Site "Wroclaw"]
[Date "2011.07.12"]
[Round "2.1"]
[White "Krupa, Monika"]
[Black "Erenska Barlo, Hanna"]
[Result "1-0"]
[WhiteElo "2226"]
[BlackElo "2241"]
[PlyCount "109"]
[EventDate "2011.07.12"]
[EventType "k.o. (rapid)"]
[EventRounds "3"]
[EventCountry "POL"]
[SourceTitle "CBM 143 Extra"]
[Source "ChessBase"]
[SourceDate "2011.08.29"]
[SourceVersion "1"]
[SourceVersionDate "2011.08.29"]
[SourceQuality "1"]

1. e4 e6 2. d4 d5 3. Nd2 dxe4 4. Nxe4 Nd7 5. Nf3 Ngf6 6. Ned2 c5 7. Nc4 cxd4 8. Qxd4 Nd5 9. Bg5 Qc7 10. 0-0-0 a6 11. Bd3 N7f6 12. Nce5 Bc5 13. Qa4+ Bd7 14. Nxd7 Nxd7 15. Bb5 f6 16. Rhe1 0-0-0 17. Bxd7+ Rxd7 18. Bh4 e5 19. a3 g5 20. Bg3 Nf4 21. h4 h6 22. Rxd7 Qxd7 23. Qc4 Qc6 24. Kb1 Rd8 25. b4 Bb6 26. Qxc6+ bxc6 27. hxg5 hxg5 28. Rh1 Nxg2 29. Rh6 Rd6 30. c4 Rd3 31. Rxf6 Rxa3 32. Nxe5 Bd4 33. Rxc6+ Kb7 34. Rg6 Ra1+ 35. Kc2 Ne1+ 36. Kb3 Rb1+ 37. Ka4 Bxe5 38. Bxe5 Nd3 39. Rg7+ Kc6 40. b5+ axb5+ 41. cxb5+ Kc5 42. Rxg5 Kc4 43. Rg4+ Kc5 44. Bd4+ Kd5 45. b6 Rb4+ 46. Ka5 Rb1 47. Bc3 Nc5 48. Rg5+ Kc6 49. Rg6+ Kd5 50. Rg5+ Kc6 51. Rg6+ Kd5 52. Bb4 Nb3+ 53. Ka4 Nd4 54. Rd6+ Kc4 55. b7 1-0

[Event "Bad Woerishofen op 27th"]
[Site "Bad Woerishofen"]
[Date "2011.03.27"]
[Round "5"]
[White "Erenska Barlo, Hanna"]
[Black "Grimberg, Boris"]
[Result "0-1"]
[WhiteElo "2236"]
[BlackElo "2333"]
[PlyCount "88"]
[EventDate "2011.03.24"]
[EventType "swiss"]
[EventRounds "9"]
[EventCountry "GER"]
[SourceTitle "EXT 2012"]
[Source "ChessBase"]
[SourceDate "2011.11.24"]
[SourceVersion "1"]
[SourceVersionDate "2011.11.24"]
[SourceQuality "1"]

1. e4 c5 2. Nf3 d6 3. Bb5+ Nd7 4. 0-0 Ngf6 5. Re1 e5 6. c3 a6 7. Bf1 Be7 8. d4 Qc7 9. dxe5 dxe5 10. b3 0-0 11. Nbd2 Rd8 12. Qc2 Nb8 13. h3 Nc6 14. a4 b6 15. Nc4 h6 16. Bb2 Bb7 17. Ne3 Na5 18. Nf5 Bf8 19. Ng3 Bc8 20. Rab1 Be6 21. c4 Nc6 22. Bc3 Rac8 23. Qb2 Nd4 24. Re3 a5 25. Rbe1 Nd7 26. Rd3 g6 27. Bd2 Bg7 28. Qc1 Kh7 29. Ne2 f5 30. Ng3 Rg8 31. Kh1 f4 32. Ne2 g5 33. Nh2 h5 34. f3 Nf6 35. Ng1 Bh6 36. Be2 Rg6 37. Bd1 Rcg8 38. Qb2 g4 39. fxg4 hxg4 40. hxg4 Nxg4 41. Bxg4 Bxg4 42. Bc3 Bh5 43. Bxd4 cxd4 44. Rh3 Qg7 0-1

[Event "Warsaw AIG Life rapid 8th"]
[Site "Warsaw"]
[Date "2008.12.21"]
[Round "11"]
[White "Erenska Barlo, Hanna"]
[Black "Warakomski, Tomasz"]
[Result "0-1"]
[WhiteElo "2271"]
[BlackElo "2488"]
[PlyCount "90"]
[EventDate "2008.12.20"]
[EventType "swiss (rapid)"]
[EventRounds "13"]
[EventCountry "POL"]
[SourceTitle "CBM 127 Extra"]
[Source "ChessBase"]
[SourceDate "2009.01.08"]
[SourceVersion "2"]
[SourceVersionDate "2009.01.28"]
[SourceQuality "1"]

1. e4 g6 2. d4 Bg7 3. Nc3 c6 4. Nf3 d6 5. a4 a5 6. Bc4 Na6 7. 0-0 Nb4 8. h3 Nf6 9. Bg5 d5 10. exd5 Nbxd5 11. Re1 0-0 12. Qd2 Bf5 13. Bd3 Bxd3 14. Qxd3 Re8 15. Ne5 Qb6 16. Rab1 Rad8 17. Red1 Nh5 18. Nf3 Nhf4 19. Nxd5 Nxd5 20. c3 Qb3 21. c4 Qxd3 22. Rxd3 Nb4 23. Rd2 Rd7 24. b3 Red8 25. Rbd1 f6 26. Be3 Kf7 27. g3 Bf8 28. Kg2 e6 29. Rc1 Na6 30. Re2 g5 31. g4 h6 32. h4 c5 33. dxc5 Nxc5 34. hxg5 hxg5 35. Nd2 Nd3 36. Rc2 Bb4 37. Nf3 e5 38. Kg1 Kg6 39. Nh2 Rh8 40. Nf1 Nf4 41. Bxf4 gxf4 42. Nd2 Rd3 43. c5 Rdh3 44. Re4 Bxd2 45. Rxd2 f3 0-1

[Event "Warsaw AIG Life rapid 8th"]
[Site "Warsaw"]
[Date "2008.12.20"]
[Round "8"]
[White "Swiercz, Dariusz"]
[Black "Erenska Barlo, Hanna"]
[Result "1-0"]
[WhiteElo "2478"]
[BlackElo "2271"]
[PlyCount "120"]
[EventDate "2008.12.20"]
[EventType "swiss (rapid)"]
[EventRounds "13"]
[EventCountry "POL"]
[SourceTitle "CBM 127 Extra"]
[Source "ChessBase"]
[SourceDate "2009.01.08"]
[SourceVersion "2"]
[SourceVersionDate "2009.01.28"]
[SourceQuality "1"]

1. e4 c5 2. Nf3 a6 3. Nc3 b5 4. d4 cxd4 5. Nxd4 Bb7 6. Bd3 d6 7. 0-0 Nf6 8. Qe2 Nbd7 9. a3 e6 10. f4 Qc7 11. Kh1 Be7 12. Bd2 0-0 13. Rae1 Qc5 14. Nb3 Qh5 15. Qxh5 Nxh5 16. Na5 Rab8 17. Nxb7 Rxb7 18. e5 dxe5 19. fxe5 g6 20. g4 Ng7 21. Bf4 Rc8 22. Ne4 Nc5 23. Nxc5 Rxc5 24. Rd1 Rc8 25. c3 h5 26. h3 Rd8 27. Be2 Rbd7 28. Kg2 hxg4 29. hxg4 Ne8 30. Rxd7 Rxd7 31. Rd1 Rxd1 32. Bxd1 Nc7 33. Kf3 Kf8 34. Ke4 Ke8 35. Be2 Kd7 36. Bd2 Kc6 37. c4 Kb6 38. b4 bxc4 39. Bxc4 Kc6 40. Kd3 Kb6 41. Kc2 Kc6 42. Kb3 Bh4 43. Bc3 Bf2 44. a4 Kb6 45. Kc2 Kc6 46. Kd3 Bg3 47. Ke4 Bf2 48. Bd2 Bg3 49. Be2 Bf2 50. Bf1 Bg3 51. Kd4 Bf2+ 52. Kc4 Kb6 53. Bg2 Bg1 54. Bc3 Bf2 55. a5+ Ka7 56. Bc6 Bg3 57. Kc5 Kb8 58. Bd4 Be1 59. Kc4 Nd5 60. Bc5 Nc7 1-0

[Event "Wch Seniors (Women) 18th"]
[Site "Bad Zwischenahn"]
[Date "2008.11.03"]
[Round "7"]
[White "Erenska Barlo, Hanna"]
[Black "Mednikova, Svetlana"]
[Result "1/2-1/2"]
[WhiteElo "2271"]
[BlackElo "2158"]
[PlyCount "123"]
[EventDate "2008.10.28"]
[EventType "swiss"]
[EventRounds "11"]
[EventCountry "GER"]
[SourceTitle "EXT 2009"]
[Source "ChessBase"]
[SourceDate "2008.11.26"]
[SourceVersion "1"]
[SourceVersionDate "2008.11.26"]
[SourceQuality "1"]

1. e4 e5 2. Nf3 Nc6 3. Bc4 Bc5 4. c3 Bb6 5. 0-0 Nf6 6. d4 Qe7 7. d5 Nb8 8. Nbd2 0-0 9. b4 c6 10. Qb3 d6 11. a4 a6 12. Ba3 Bg4 13. Rfe1 Nbd7 14. h3 Bxf3 15. Nxf3 c5 16. a5 cxb4 17. cxb4 Ba7 18. Ra2 Nh5 19. Kh2 g6 20. Bc1 Ng7 21. Bh6 f6 22. h4 Rfc8 23. Bf1 Rc7 24. Rc2 Rac8 25. Rxc7 Rxc7 26. Be3 Bxe3 27. Qxe3 f5 28. Qg5 Nf6 29. exf5 gxf5 30. Kg1 Nxd5 31. Rd1 Nf6 32. Qe3 e4 33. Nd4 Ng4 34. Qb3+ Kh8 35. g3 Qf7 36. Qxf7 Rxf7 37. b5 axb5 38. Nxb5 Ne8 39. Be2 Rd7 40. Nd4 Nh6 41. Bb5 Re7 42. Bxe8 Rxe8 43. Nb5 Nf7 44. Nxd6 Nxd6 45. Rxd6 Re5 46. Rb6 Rxa5 47. Rxb7 Re5 48. Kg2 Kg8 49. h5 h6 50. Kf1 f4 51. gxf4 Rf5 52. Ke2 Rxf4 53. Rb2 Rf3 54. Rb6 Kg7 55. Rg6+ Kh7 56. Rg4 Rh3 57. Rxe4 Rxh5 58. Ke3 Kg6 59. Rb4 Re5+ 60. Kf3 Ra5 61. Kg3 Rg5+ 62. Rg4 1/2-1/2

[Event "Warsaw AIG Life rapid 7th"]
[Site "Warsaw"]
[Date "2007.12.15"]
[Round "8"]
[White "Erenska Barlo, Hanna"]
[Black "Bobula, Mateusz"]
[Result "0-1"]
[WhiteElo "2243"]
[BlackElo "2423"]
[PlyCount "121"]
[EventDate "2007.12.15"]
[EventType "swiss (rapid)"]
[EventRounds "13"]
[EventCountry "POL"]
[SourceTitle "CBM 121 Extra"]
[Source "ChessBase"]
[SourceDate "2008.01.10"]
[SourceVersion "1"]
[SourceVersionDate "2008.01.10"]
[SourceQuality "1"]

1. e4 c6 2. d4 d5 3. exd5 cxd5 4. Bd3 Nc6 5. c3 Nf6 6. Bf4 Bg4 7. Qa4 e6 8. Nd2 Bd6 9. Bg3 0-0 10. Ngf3 Bxf3 11. Nxf3 a6 12. 0-0 Bxg3 13. hxg3 b5 14. Qc2 Qb6 15. Qe2 Rfc8 16. a3 Rab8 17. Ne5 Nxe5 18. Qxe5 a5 19. g4 Nxg4 20. Qf4 Nf6 21. Qh4 b4 22. cxb4 axb4 23. a4 Qa5 24. Rfe1 h6 25. Re3 b3 26. Rg3 Kf8 27. Rf3 Rb4 28. Rxf6 gxf6 29. Qxf6 Qd8 30. Qxh6+ Ke7 31. Qh4+ f6 32. Qh7+ Kd6 33. Qh2+ Kc6 34. Ba6 Ra8 35. Rc1+ Kb6 36. Bb5 Rxd4 37. Qg3 Rc8 38. Re1 e5 39. Qxb3 Qd6 40. Rb1 Rb4 41. Qh3 Rc2 42. b3 Rf4 43. Rf1 Rc7 44. Rd1 d4 45. Qh8 Rc2 46. Qa8 Rfxf2 47. Qa6+ Kc7 48. Qa7+ Kd8 49. Qa8+ Kc7 50. Qa7+ Kc8 51. Qa8+ Qb8 52. Qd5 Rxg2+ 53. Qxg2 Rxg2+ 54. Kxg2 Qa8+ 55. Kf2 Qe4 56. Rd3 Kb7 57. Bc4 Kb6 58. b4 Qf4+ 59. Ke2 Qc1 60. a5+ Kc6 61. Bb3 0-1

[Event "EU-ch Seniors 07th"]
[Site "Hockenheim"]
[Date "2007.06.10"]
[Round "9"]
[White "Erenska Barlo, Hanna"]
[Black "Mueller, Waldemar"]
[Result "1/2-1/2"]
[WhiteElo "2246"]
[BlackElo "2115"]
[PlyCount "94"]
[EventDate "2007.06.02"]
[EventType "swiss"]
[EventRounds "9"]
[EventCountry "GER"]
[SourceTitle "CBM 118 Extra"]
[Source "ChessBase"]
[SourceDate "2007.07.04"]
[SourceVersion "1"]
[SourceVersionDate "2007.07.04"]
[SourceQuality "1"]

1. e4 c5 2. Nf3 e6 3. d3 Nf6 4. Qe2 Nc6 5. c3 d5 6. e5 Nd7 7. g3 Be7 8. Bg2 0-0 9. 0-0 h6 10. h4 b5 11. Re1 Bb7 12. Nbd2 Rc8 13. Nf1 b4 14. h5 Re8 15. N1h2 Bf8 16. Ng4 Rc7 17. Bf4 Bc8 18. Qd2 Rb7 19. Rad1 f5 20. Ngh2 Qa5 21. Ra1 Nb6 22. cxb4 Qxb4 23. b3 Rc7 24. Rec1 Ba6 25. Bf1 d4 26. Qd1 Nd5 27. Bd2 Qb6 28. Qe2 Ncb4 29. Ne1 Rb8 30. Nhf3 Bb5 31. Nh4 a5 32. Ng6 Ra7 33. g4 Ne7 34. Nf4 Be8 35. Bh3 a4 36. Bxb4 cxb4 37. Rab1 axb3 38. axb3 Rba8 39. Bg2 Ra2 40. Qf3 R8a6 41. Bh3 Rd2 42. Qg3 Raa2 43. Nf3 Rxf2 44. Qxf2 Rxf2 45. Kxf2 fxg4 46. Bxg4 Nf5 47. Ra1 Bc6 1/2-1/2

[Event "Bad Woerishofen op 23th"]
[Site "Bad Woerishofen"]
[Date "2007.03.10"]
[Round "3"]
[White "Erenska Barlo, Hanna"]
[Black "Von Saldern, Ruediger"]
[Result "1-0"]
[WhiteElo "2275"]
[BlackElo "2057"]
[PlyCount "73"]
[EventDate "2007.03.08"]
[EventType "swiss"]
[EventRounds "9"]
[EventCountry "GER"]
[SourceTitle "EXT 2008"]
[Source "ChessBase"]
[SourceDate "2007.11.25"]
[SourceVersion "1"]
[SourceVersionDate "2007.11.25"]
[SourceQuality "1"]

1. e4 e5 2. Nf3 Nc6 3. Bc4 Bc5 4. c3 Qe7 5. 0-0 d6 6. d3 Nf6 7. Re1 0-0 8. Bg5 h6 9. Bh4 Bb6 10. Nbd2 Bg4 11. h3 Be6 12. Bxe6 fxe6 13. Nc4 g5 14. Nxb6 axb6 15. Bg3 Qf7 16. d4 exd4 17. cxd4 Nh5 18. a3 Nxg3 19. fxg3 Qg7 20. d5 exd5 21. exd5 Nd8 22. Qd2 c5 23. dxc6 Nxc6 24. Qxd6 Rf6 25. Qd5+ Kh8 26. Re4 Rd8 27. Qb3 Rfd6 28. Rae1 Qd7 29. Qc3+ Kg8 30. Kh2 Kh7 31. Ne5 Qg7 32. Qc4 Nxe5 33. Rxe5 R8d7 34. Qe4+ Qg6 35. Re7+ Rxe7 36. Qxe7+ Kg8 37. Rf1 1-0

[Event "Bad Woerishofen op 23th"]
[Site "Bad Woerishofen"]
[Date "2007.03.09"]
[Round "2"]
[White "Maugg, Ludwig"]
[Black "Erenska Barlo, Hanna"]
[Result "1-0"]
[WhiteElo "2099"]
[BlackElo "2275"]
[PlyCount "71"]
[EventDate "2007.03.08"]
[EventType "swiss"]
[EventRounds "9"]
[EventCountry "GER"]
[SourceTitle "EXT 2008"]
[Source "ChessBase"]
[SourceDate "2007.11.25"]
[SourceVersion "1"]
[SourceVersionDate "2007.11.25"]
[SourceQuality "1"]

1. e4 c5 2. Nf3 e6 3. d4 cxd4 4. Nxd4 Nf6 5. Nc3 d6 6. Be3 a6 7. f3 Be7 8. Qd2 Bd7 9. 0-0-0 Nc6 10. g4 b5 11. h4 b4 12. Nce2 Ne5 13. Ng3 Qc7 14. g5 Ng8 15. Kb1 a5 16. f4 Nc4 17. Bxc4 Qxc4 18. e5 d5 19. f5 exf5 20. Ngxf5 Bxf5 21. Nxf5 0-0-0 22. Bd4 h6 23. gxh6 gxh6 24. Rhg1 Kb8 25. Rxg8 Rhxg8 26. Nxe7 Rge8 27. Nf5 Re6 28. Nd6 Qa6 29. Nxf7 Rf8 30. Nd6 Rf1 31. c3 Rg6 32. Kc2 Rxd1 33. Qxd1 Rg2+ 34. Kb1 Re2 35. c4 Rg2 36. Qf3 1-0

[Event "Warsaw AIG Life rapid 6th"]
[Site "Warsaw"]
[Date "2006.12.17"]
[Round "12"]
[White "Markowski, Tomasz"]
[Black "Erenska Barlo, Hanna"]
[Result "1-0"]
[WhiteElo "2561"]
[BlackElo "2293"]
[PlyCount "79"]
[EventDate "2006.12.16"]
[EventType "swiss (rapid)"]
[EventRounds "13"]
[EventCountry "POL"]
[SourceTitle "CBM 115 Extra"]
[Source "ChessBase"]
[SourceDate "2007.01.10"]
[SourceVersion "1"]
[SourceVersionDate "2007.01.10"]
[SourceQuality "1"]

1. Nf3 Nf6 2. c4 e6 3. b3 b6 4. g3 Bb7 5. Bg2 Be7 6. Bb2 0-0 7. 0-0 c5 8. Nc3 d6 9. e3 Nbd7 10. d4 Ne4 11. Ne2 Ndf6 12. Nf4 Rb8 13. d5 exd5 14. cxd5 Ba6 15. Re1 Ng4 16. Qc2 Ngf6 17. Nh4 Ng5 18. Nf5 h6 19. e4 Rc8 20. Bc3 Rc7 21. h4 Ngh7 22. Rad1 Re8 23. e5 Bc8 24. exf6 Bxf5 25. fxe7 Qc8 26. Qb2 f6 27. Qd2 Rcxe7 28. Rxe7 Rxe7 29. Re1 Qe8 30. Rxe7 Qxe7 31. Qe2 Qd7 32. Be4 Nf8 33. h5 Bg4 34. f3 Bf5 35. g4 Bxe4 36. Qxe4 Qf7 37. Kg2 Nd7 38. Ne6 Ne5 39. Bxe5 fxe5 40. Qg6 1-0

[Event "Wch Seniors (Women) 16th"]
[Site "Arvier"]
[Date "2006.09.19"]
[Round "8"]
[White "Erenska Barlo, Hanna"]
[Black "Shah, Anila Kishorekumar"]
[Result "1-0"]
[WhiteElo "2293"]
[BlackElo "1400"]
[PlyCount "63"]
[EventDate "2006.09.11"]
[EventType "swiss"]
[EventRounds "11"]
[EventCountry "ITA"]
[SourceTitle "CBM 114 Extra"]
[Source "ChessBase"]
[SourceDate "2006.11.03"]
[SourceVersion "1"]
[SourceVersionDate "2006.11.03"]
[SourceQuality "1"]

1. e4 c6 2. d4 d5 3. exd5 cxd5 4. Bd3 e6 5. Nf3 a6 6. 0-0 Nd7 7. Qe2 Be7 8. Bf4 Qb6 9. c3 Ngf6 10. a4 0-0 11. a5 Qd8 12. h3 Re8 13. Nbd2 Nf8 14. Ne5 Bd6 15. Bg5 Ng6 16. f4 Be7 17. b4 h6 18. Bxg6 fxg6 19. Bxf6 Bxf6 20. Nxg6 Qc7 21. Rf3 Bd7 22. Re3 Kf7 23. Qh5 Kg8 24. Rae1 b6 25. axb6 Qxb6 26. Nb3 Red8 27. Nc5 a5 28. Nxd7 Rxd7 29. Rxe6 Qc7 30. Re8+ Rxe8 31. Rxe8+ Kf7 32. Ne5# 1-0

[Event "Wch Seniors (Women) 16th"]
[Site "Arvier"]
[Date "2006.09.12"]
[Round "2"]
[White "Erenska Barlo, Hanna"]
[Black "Fatalibekova, Elena"]
[Result "1-0"]
[WhiteElo "2293"]
[BlackElo "2264"]
[PlyCount "111"]
[EventDate "2006.09.11"]
[EventType "swiss"]
[EventRounds "11"]
[EventCountry "ITA"]
[SourceTitle "CBM 114 Extra"]
[Source "ChessBase"]
[SourceDate "2006.11.03"]
[SourceVersion "1"]
[SourceVersionDate "2006.11.03"]
[SourceQuality "1"]

1. e4 d6 2. d4 Nf6 3. Nc3 g6 4. Nf3 Bg7 5. h3 0-0 6. a4 a5 7. Bc4 Nxe4 8. Bxf7+ Rxf7 9. Nxe4 Rf8 10. 0-0 e5 11. dxe5 dxe5 12. Qe2 Nc6 13. c3 Qe8 14. Re1 Kh8 15. Bg5 Qf7 16. Bh4 h6 17. Bg3 Bf5 18. Qb5 Ra6 19. Nxe5 Nxe5 20. Bxe5 Rb6 21. Bxg7+ Qxg7 22. Qxa5 Rxb2 23. f3 b6 24. Qd5 Bxe4 25. Qxe4 g5 26. Rad1 Rb3 27. c4 Ra3 28. Qc6 Ra2 29. Kh2 Qf6 30. Re6 Qf4+ 31. Kh1 Qf5 32. Rxh6+ Kg7 33. Re6 Rf7 34. Rde1 Rb2 35. Re7 Rb1 36. Rxf7+ Kxf7 37. Qxc7+ Kg6 38. Rxb1 Qxb1+ 39. Kh2 Qb4 40. Qc6+ Kg7 41. Qd7+ Kf6 42. Qd4+ Kg6 43. h4 gxh4 44. Qxh4 Qxa4 45. Qe4+ Kf6 46. Kg3 Qa5 47. f4 Qc3+ 48. Kg4 Qd2 49. Qc6+ Kg7 50. Qc7+ Kf8 51. g3 Qe3 52. Qc6 Kg7 53. Qc7+ Kf8 54. f5 Qd4+ 55. Kg5 Qe3+ 56. Kg6 1-0

[Event "EU-chT Seniors 08th"]
[Site "Dresden"]
[Date "2006.02.19"]
[Round "3"]
[White "Petzold, Hans"]
[Black "Erenska Barlo, Hanna"]
[Result "0-1"]
[WhiteElo "2151"]
[BlackElo "2291"]
[PlyCount "128"]
[EventDate "2006.02.17"]
[EventType "team-swiss"]
[EventRounds "8"]
[EventCountry "GER"]
[SourceTitle "CBM 111 Extra"]
[Source "ChessBase"]
[SourceDate "2006.05.09"]
[SourceVersion "1"]
[SourceVersionDate "2006.05.09"]
[SourceQuality "1"]
[WhiteTeam "Dresden SC"]
[BlackTeam "Berlin"]
[WhiteTeamCountry "GER"]
[BlackTeamCountry "GER"]

1. e4 c5 2. Nc3 Nc6 3. f4 e6 4. Nf3 d6 5. Bb5 Bd7 6. d3 Be7 7. 0-0 Nf6 8. Bxc6 Bxc6 9. Qe1 Qc7 10. Bd2 0-0 11. Qg3 Rfd8 12. Rae1 b5 13. e5 Ne8 14. Ne4 g6 15. Neg5 Bxf3 16. Nxf3 d5 17. Qh3 Ng7 18. g3 d4 19. Qg2 c4 20. Kh1 Rac8 21. Qe2 Qc6 22. Kg1 h5 23. h3 Nf5 24. Kh2 Kg7 25. Rg1 Qd5 26. Qe4 Qc5 27. Re2 Rh8 28. c3 cxd3 29. Qxd3 dxc3 30. Bxc3 Rhd8 31. Qe4 b4 32. Be1 Qb5 33. Rc2 Rxc2+ 34. Qxc2 Ne3 35. Qe4 Qe2+ 36. Kh1 Qd3 37. Qxd3 Rxd3 38. Nd2 Nc2 39. Nc4 Bc5 40. Rf1 Nxe1 41. Rxe1 Rxg3 42. Kh2 Rf3 43. Re4 h4 44. f5 Rf2+ 45. Kh1 exf5 46. Rxh4 Rc2 47. b3 Rxa2 48. Rf4 Re2 49. Rf1 Bd4 50. Rf4 Bc3 51. Kg1 Kf8 52. Kf1 Re1+ 53. Kf2 Rb1 54. h4 Be1+ 55. Ke2 Bg3 56. Rd4 Rxb3 57. Rd8+ Ke7 58. Ra8 Bxh4 59. Nd6 Ra3 60. Re8+ Kd7 61. Rf8 b3 62. Rb8 a5 63. Nc4 Ra2+ 64. Kd3 a4 0-1

[Event "Wch Seniors (Women) 15th"]
[Site "Lignano Sabbiadoro"]
[Date "2005.10.07"]
[Round "8"]
[White "Dotan, Valeria"]
[Black "Erenska Barlo, Hanna"]
[Result "1/2-1/2"]
[WhiteElo "2009"]
[BlackElo "2247"]
[PlyCount "54"]
[EventDate "2005.09.28"]
[EventType "swiss"]
[EventRounds "9"]
[EventCountry "ITA"]
[SourceTitle "CBM 108 Extra"]
[Source "ChessBase"]
[SourceDate "2005.11.04"]
[SourceVersion "1"]
[SourceVersionDate "2005.11.04"]
[SourceQuality "1"]

1. Nf3 Nf6 2. c4 e6 3. g3 b6 4. Bg2 Bb7 5. 0-0 Be7 6. Nc3 0-0 7. d4 d5 8. cxd5 Nxd5 9. Re1 c5 10. Nxd5 exd5 11. b3 Nd7 12. Bb2 Nf6 13. Ne5 Rc8 14. Rc1 Rc7 15. Rc2 cxd4 16. Bxd4 Bb4 17. Rf1 Bd6 18. Nd3 Ne4 19. Rxc7 Qxc7 20. Qa1 f6 21. Rc1 Qe7 22. Rc2 Rd8 23. e3 Bc8 24. Qd1 Be6 25. Nf4 Bxf4 26. gxf4 Rc8 27. Rxc8+ Bxc8 1/2-1/2

[Event "Wch Seniors (Women) 15th"]
[Site "Lignano Sabbiadoro"]
[Date "2005.10.03"]
[Round "5"]
[White "Saunina, Ludmila"]
[Black "Erenska Barlo, Hanna"]
[Result "1/2-1/2"]
[WhiteElo "2279"]
[BlackElo "2247"]
[PlyCount "41"]
[EventDate "2005.09.28"]
[EventType "swiss"]
[EventRounds "9"]
[EventCountry "ITA"]
[SourceTitle "CBM 108 Extra"]
[Source "ChessBase"]
[SourceDate "2005.11.04"]
[SourceVersion "1"]
[SourceVersionDate "2005.11.04"]
[SourceQuality "1"]

1. e4 d6 2. d4 Nf6 3. Nc3 c6 4. f4 Qa5 5. Bd3 e5 6. Nf3 Nbd7 7. 0-0 Be7 8. Kh1 0-0 9. Bd2 Qc7 10. a4 exd4 11. Nxd4 Nc5 12. Qe2 Bg4 13. Qf2 Nxd3 14. cxd3 Nd7 15. Rfc1 c5 16. Ndb5 Qd8 17. d4 a6 18. Na3 b5 19. axb5 axb5 20. Naxb5 Rxa1 21. Rxa1 1/2-1/2

[Event "Wch Seniors (Women) 15th"]
[Site "Lignano Sabbiadoro"]
[Date "2005.09.28"]
[Round "1"]
[White "Hoose, Hannelore"]
[Black "Erenska Barlo, Hanna"]
[Result "0-1"]
[WhiteElo "1871"]
[BlackElo "2247"]
[PlyCount "96"]
[EventDate "2005.09.28"]
[EventType "swiss"]
[EventRounds "9"]
[EventCountry "ITA"]
[SourceTitle "CBM 108 Extra"]
[Source "ChessBase"]
[SourceDate "2005.11.04"]
[SourceVersion "1"]
[SourceVersionDate "2005.11.04"]
[SourceQuality "1"]

1. e4 c5 2. Nc3 Nc6 3. g3 e6 4. Bg2 Nge7 5. d3 d5 6. exd5 exd5 7. Nf3 h6 8. 0-0 Be6 9. Ne2 Ng6 10. c3 Be7 11. Nf4 Nxf4 12. Bxf4 Bd6 13. Bxd6 Qxd6 14. d4 0-0 15. dxc5 Qxc5 16. Qd2 Rad8 17. b3 Bf5 18. Nd4 Be4 19. Rfe1 Rfe8 20. Re3 Bxg2 21. Rxe8+ Rxe8 22. Kxg2 Re4 23. Nxc6 Qxc6 24. f3 Re6 25. Re1 Qa6 26. Rxe6 fxe6 27. Kf2 b5 28. Qe2 Qc6 29. Qe3 a6 30. Qe5 Kf7 31. h4 Qc5+ 32. Qe3 Qa3 33. Qd2 Ke7 34. g4 Qd6 35. f4 g5 36. hxg5 hxg5 37. Kf3 gxf4 38. Qxf4 e5 39. Qg5+ Qf6+ 40. Qxf6+ Kxf6 41. a4 bxa4 42. bxa4 Kg5 43. Kg3 a5 44. Kf3 Kh4 45. Ke3 Kxg4 46. Kd3 Kf3 47. c4 e4+ 48. Kd4 dxc4 0-1

[Event "BL2-Nord 0405"]
[Site "Germany"]
[Date "2005.01.30"]
[Round "6.8"]
[White "Erenska Barlo, Hanna"]
[Black "Conrad, Christian"]
[Result "0-1"]
[WhiteElo "2226"]
[BlackElo "2221"]
[PlyCount "72"]
[EventDate "2004.10.24"]
[EventType "team-tourn"]
[EventRounds "9"]
[EventCountry "GER"]
[SourceTitle "EXT 2007"]
[Source "ChessBase"]
[SourceDate "2006.11.23"]
[SourceVersion "1"]
[SourceVersionDate "2006.11.23"]
[SourceQuality "1"]
[WhiteTeam "Zehlendorf"]
[BlackTeam "Hamburg Koenigsspringer"]
[WhiteTeamCountry "GER"]
[BlackTeamCountry "GER"]

1. e4 d5 2. exd5 Qxd5 3. Nc3 Qa5 4. d4 c6 5. Nf3 Nf6 6. Bc4 Bf5 7. 0-0 e6 8. Bd2 Qc7 9. Re1 Nbd7 10. Qe2 0-0-0 11. Bg5 Nb6 12. Bb3 Bd6 13. h3 Nbd5 14. Nh4 Bg6 15. Nxd5 exd5 16. Nxg6 hxg6 17. Bxf6 gxf6 18. Qf3 f5 19. c3 Rhe8 20. Kf1 Be7 21. g3 Rh8 22. Kg2 Bd6 23. c4 dxc4 24. Bxc4 Kb8 25. Qb3 Rhf8 26. a3 g5 27. Bd3 f4 28. Bf5 fxg3 29. fxg3 Be7 30. Rad1 Bf6 31. Re4 Qa5 32. g4 Qb6 33. Qg3+ Ka8 34. Qf2 a6 35. b4 Qb5 36. Rc1 Qd3 0-1